Plus Vieux Présidents Français - Statistiques

Statistiques générales
  • Ce quiz a été pris 78 fois
  • Le résultat moyen est 7 sur 10
Statistiques - réponses
Âge de l'investiture Président % Correct
64 ans François Mitterrand
94%
68 ans Charles de Gaulle
92%
62 ans Jacques Chirac
90%
71 ans René Coty
80%
74 ans Adolphe Thiers
72%
74 ans Paul Doumer
70%
64 ans Patrice de Mac-Mahon
63%
65 ans Paul Deschanel
49%
64 ans Armand Fallières
46%
71 ans Jules Grévy
46%
Aucun quiz correspondant
Distribution des résultats
% des personnes avec chaque résultat
Percentile par nombre de réponses
Votre historique - résultats
Vous n’avez pas pris ce quiz